00869nam a2200265 a 4500001001300000003000900013005001700022008004100039020002300080082001600103100002100119245004600140260004000186300000900226500003500235505001000270650002600280650001900306700002100325902000800346942000700354952011300361952011200474999001700586nice12345678IN_TiNIC20260116013244.0050524s2000 newa grp 000 0 eng  a9788125010807c42500a934.02bKOC aKocchhar, Rajesh aVedic People, Their History and Geography aNew Delhi bOrient Blackswan c2000 a259p aincludes index and biblioraphy2 aIndex aIndia-History Ancient aVedic Religion1 aKocchhar, Rajesh bSRS cBK 00104070aHMIbHMId2019-01-18g425.00l2o934.02 KOC C.1p019520r2019-01-22s2019-01-18w2026-01-16yBK 00104070aHMIbHMId2019-01-18g425.00l1o934.02 KOC C2p023902r2019-02-11s2019-02-05w2026-01-16yBK c10277d10277